Holiday German - Statistics

General Stats
  • This quiz has been taken 193 times
  • The average score is 18 of 24
Answer Stats
German English % Correct
hallo! hello!
99%
danke! thank you!
99%
willkommen! welcome!
98%
Stadt city
92%
Straße road
91%
Bier beer
90%
bitte! please!
90%
Wurst sausage
86%
tschüss! goodbye!
85%
Autobahn highway
80%
Zug train
80%
Zimmer room
78%
Berg mountain
76%
Parkplatz parking lot
74%
schlafen sleep
73%
U-Bahn subway
69%
Ausgang exit
67%
Fluss river
67%
Eingang entrance
66%
Geschäft shop
48%
Bücherei library
46%
bitte! you're welcome!
41%
Gasthaus restaurant
30%
Gang corridor
27%
No matching quizzes found
Score Distribution
Percent of People with Each Score
Percentile by Number Answered
Your Score History
You have not taken this quiz